| 000 | 01319cam a22003614a 4500 | ||
|---|---|---|---|
| 999 |
_c41387 _d41387 |
||
| 001 | 22340285 | ||
| 003 | OSt | ||
| 005 | 20220103122026.0 | ||
| 006 | m |o d | | ||
| 007 | cr ||||||||||| | ||
| 008 | 100706s2010 nyua o 001 0 eng | ||
| 010 | _a 2020754570 | ||
| 020 |
_a9780071626781 _qebook |
||
| 020 | _z9780071626774 | ||
| 040 |
_aDLC _beng _epn _cDLC |
||
| 050 | 0 | 0 | _aHV8079.C65 |
| 082 | 0 | 0 |
_a005.8 _222 _bPHI/H |
| 100 | 1 |
_aPhilipp, Aaron _98946 |
|
| 245 | 1 | 0 |
_aHacking exposed computer forensics / _cAaron Philipp, David Cowen, Chris Davis |
| 250 | _a2nd ed. | ||
| 260 |
_aNew York : _bMcGraw-Hill/Osborne, _c2010. |
||
| 300 | _a1 online resource (xxiv, 518 p.) | ||
| 500 | _aIncludes index. | ||
| 588 | _aDescription based on print version record and CIP data provided by publisher; resource not viewed. | ||
| 650 | 0 |
_aComputer crimes _xInvestigation. |
|
| 650 | 0 | _aComputer security. | |
| 700 | 1 |
_aCowen, David _98947 |
|
| 700 | 1 |
_aDavis, Chris _q(Christopher Michael) _98948 |
|
| 776 | 0 | 8 |
_iPrint version: _tHacking exposed computer forensics _dNew York : McGraw-Hill/Osborne, 2010. _z9780071626774 _w(DLC) 2010481199 |
| 906 |
_a0 _bcbc _corigcop _d1 _eecip _f20 _gy-gencatlg |
||
| 942 |
_2ddc _cBK _h005.8 _iPHI/H _k005.8 _mPHI/H |
||